Criminología: un enfoque humanístico (Registro nro. 6413)

Detalles MARC
000 -Cabecera
Campo de control de longitud fija 00666aam a2200265 4500
005 - Fecha y hora de la última transacción
Campo de control 20260226084121.0
008 - Elementos de longitud fija--Información general
Campo de control de longitud fija 150715b1995 xxu||||| |||| 00| 0 spa d
020 ## - International Standard Book Number
Número Internacional Estándar del Libro (ISBN) 9583500763
041 ## - Idioma
Código de idioma Español
082 ## - Clasificación Decimal Dewey
Número de clasificación 364 R436c2
100 ## - Entrada principal--Autor personal
Nombre personal Restrepo Fontalvo, Jorge
9 (RLIN) 1248
245 ## - Título propiamente dicho
Título Criminología: un enfoque humanístico
250 ## - Edición
Mención de edición 2 edición
260 ## - Pie de imprenta
Lugar de publicación, distribución, etc. Colombia
260 ## - Pie de imprenta
Nombre del editor, distribuidor, etc. Temis
260 ## - Pie de imprenta
Fecha de publicación, distribución, etc. 1995
300 ## - Descripción física
Extensión 333 páginas
490 ## - Serie
Título de la Serie Investigación Criminal
650 ## - Materia general
Temática (materia general) CRIMINOLOGÍA
650 ## - Materia general
Temática (materia general) PSICOLOGÍA CRIMINAL
650 ## - Materia general
Temática (materia general) DESVIACIÓN
650 ## - Materia general
Temática (materia general) REACCIÓN SOCIAL
650 ## - Materia general
Temática (materia general) ANTROPOLOGÍA CRIMINAL
942 ## - Punto de acceso adicional KOHA
Tipo de ítem KOHA Libro
Fuente del sistema de clasificación o colocación Dewey Decimal Classification
Existencias
Signatura completa Código de barras Programa Académico Tipo de ítem
364 R436c2 2929 Investigación Criminal Libro